000
00330nam a22001337a 4500
999
_c
520888
_d
520888
008
221026b ||||| |||| 00| 0 eng d
100
_a
Sivaperuman, C.
_9
35584
245
_a
A biological paradise
260
_a
Yojana
300
_a
66(10), Oct, 2022: p.19-22
773
_a
Yojana
906
_a
BIODIVERSITY
942
_c
AR